| 000 | 00592nam a22001697a 4500 | ||
|---|---|---|---|
| 005 | 20251108164854.0 | ||
| 008 | 250721s1982 xx 000 0 ara d | ||
| 082 | 1 | 4 | _a816.9/رسا |
| 100 | 1 |
_aعباس، إحسان _eتقديم |
|
| 245 | 1 | 0 |
_aرسائل إلى محمد الصباغ من ميخائيل نعيمه : _bبولس سلامه - إيليا أبو ماضي - شفيق معلوف / |
| 264 | 1 |
_aدار البيضاء : _bدار الثقافة، _c1982. |
|
| 300 | _a149ص | ||
| 650 | 1 | 7 | _aالأدب العربي |
| 650 | 1 | 7 | _aالرسائل |
| 942 |
_2ddc _cBK |
||
| 999 |
_c16357 _d16357 |
||